| 000 | 00376 a2200121 4500 | ||
|---|---|---|---|
| 001 | ART_18881 | ||
| 005 | 20260410161704.0 | ||
| 008 | 260409a | ||
| 245 | 1 | 0 | _aIVA-Regímenes de retención de percepción y de pagos a cuenta(2º parte) |
| 100 | 1 | _aOklander, Juan | |
| 700 | 1 | _aPérez, Carlos | |
| 773 | 0 |
_tRevista Impuestos _g- Nº 11 (oct. 2010) _wREV639 |
|
| 999 |
_c15421 _d15421 |
||